000 00486nam a2200181Ia 4500
001 44555
008 140428s9999 xx 000 0 und d
020 _aNA
040 _cPK-LaUMT
082 _aRHC 891.551
_bMUS-B
100 _aMusaleh Uddin Sadi
245 _aBostaan mutarjim Urdu (Persian)
_cMusaleh Uddin Sadi
260 _aLahore,Pakistan:
_bMalik Din Muhammad and Sons,
_cNA
300 _a327 p.
546 _aPersian
650 _aPakistani literature-Perisan
942 _cBK
999 _c42546
_d42546